00686nam a2200253 a 4500001001300000003000900013005001700022008004100039020001000080082001500090100002200105245001100127260002500138300000800163500003500171505003100206650001100237650002300248700002200271902000800293942000700301952011100308999001300419nice12345678IN_TiNIC20260116011258.0050524s1969 dela grp 000 0 eng  ac2.500a264.1bABI aAbhishiktananda,  aPrayer aDelhi bISPCK c1969 a77p aincludes index and biblioraphy2 aNotes, Bibliography, Index aPrayer aChristianity-India1 aAbhishiktananda,  bSRS cBK 001040708StackRoom-aHMIbHMId2011-06-21g2.50l0o264.1 ABIp03839r2011-06-21v2.50w2005-05-24yBK c129d129